|
LDR
| 02087nam a22005295i 4500 |
|---|
| 001 | 17592 |
|---|
| 003 | CONS |
|---|
| 005 | 20131220061507.0 |
|---|
| 007 | cr nn 008mamaa |
|---|
| 008 | 100301s2006 gw | s |||| 0|eng d |
|---|
| 020 | | . |
‡a9783540371069
‡9978-3-540-37106-9 |
|---|
| 024 | 7 | . |
‡a10.1007/11812289
‡2doi |
|---|
| 035 | | . |
‡a(DE-He213)978-3-540-37106-9 |
|---|
| 050 | | 4. |
‡aQ334-342 |
|---|
| 050 | | 4. |
‡aTJ210.2-211.495 |
|---|
| 072 | | 7. |
‡aUYQ
‡2bicssc |
|---|
| 072 | | 7. |
‡aTJFM1
‡2bicssc |
|---|
| 072 | | 7. |
‡aCOM004000
‡2bisacsh |
|---|
| 100 | 1 | . |
‡aBorwein, Jonathan M.
‡eeditor. |
|---|
| 245 | 1 | 0. |
‡aMathematical Knowledge Management
‡h[electronic resource] :
‡b5th International Conference, MKM 2006, Wokingham, UK, August 11-12, 2006. Proceedings /
‡cedited by Jonathan M. Borwein, William M. Farmer. |
|---|
| 264 | | 1. |
‡aBerlin, Heidelberg :
‡bSpringer Berlin Heidelberg,
‡c2006. |
|---|
| 300 | | . |
‡aVIII, 295 p. Also available online.
‡bonline resource. |
|---|
| 336 | | . |
‡atext
‡btxt
‡2rdacontent |
|---|
| 337 | | . |
‡acomputer
‡bc
‡2rdamedia |
|---|
| 338 | | . |
‡aonline resource
‡bcr
‡2rdacarrier |
|---|
| 347 | | . |
‡atext file
‡bPDF
‡2rda |
|---|
| 490 | 1 | . |
‡aLecture Notes in Computer Science,
‡x0302-9743 ;
‡v4108 |
|---|
| 650 | | 0. |
‡aComputer science. |
|---|
| 650 | | 0. |
‡aComputer Communication Networks. |
|---|
| 650 | | 0. |
‡aDatabase management. |
|---|
| 650 | | 0. |
‡aInformation storage and retrieval systems. |
|---|
| 650 | | 0. |
‡aInformation systems. |
|---|
| 650 | | 0. |
‡aArtificial intelligence. |
|---|
| 650 | | 0. |
‡aMathematics. |
|---|
| 650 | 1 | 4. |
‡aComputer Science. |
|---|
| 650 | 2 | 4. |
‡aArtificial Intelligence (incl. Robotics). |
|---|
| 650 | 2 | 4. |
‡aInformation Storage and Retrieval. |
|---|
| 650 | 2 | 4. |
‡aInformation Systems Applications (incl.Internet). |
|---|
| 650 | 2 | 4. |
‡aDatabase Management. |
|---|
| 650 | 2 | 4. |
‡aComputer Communication Networks. |
|---|
| 650 | 2 | 4. |
‡aMathematics, general. |
|---|
| 700 | 1 | . |
‡aFarmer, William M.
‡eeditor. |
|---|
| 710 | 2 | . |
‡aSpringerLink (Online service) |
|---|
| 773 | 0 | . |
‡tSpringer eBooks |
|---|
| 776 | 0 | 8. |
‡iPrinted edition:
‡z9783540371045 |
|---|
| 830 | | 0. |
‡aLecture Notes in Computer Science,
‡x0302-9743 ;
‡v4108 |
|---|
| 856 | 4 | 0. |
‡uhttp://biblioteca.ipicyt.edu.mx:2048/login?url=http://dx.doi.org/10.1007/11812289
‡yTexto completo
‡9CONS |
|---|
| 950 | | . |
‡aComputer Science (Springer-11645) |
|---|
| 901 | | . |
‡a17592
‡b
‡c17592
‡tbiblio
‡sSystem Local |
|---|